| 000 | 01111nam a2200289 4500 | ||
|---|---|---|---|
| 003 | EG-GICUC | ||
| 005 | 20260121101217.0 | ||
| 008 | 251113s1997 jo ||||fr|||| 00| 0 ara d | ||
| 040 |
_a EG-GICUC _c EG-GICUC _d EG-GICUC _erda |
||
| 041 | 0 | _aara | |
| 082 | 0 | 4 |
_221 _a341.84 _bح س . ق |
| 092 | 0 | 4 | _221 |
| 099 | _aLaw1 12 341.84 ح س . ق 1997 | ||
| 100 | 0 |
_aحسن الهداوي _eمؤلف. |
|
| 245 | 1 | 0 |
_aالقانون الدولى الخاص : _bتنازع القوانين / _cحسن الهداوي. |
| 264 |
_aعمان : _bمكتبة دار الثقافة، _c1997. |
||
| 300 |
_a343 ؛صفحة _c24 سم |
||
| 336 |
_2rda content _atext |
||
| 337 |
_2rda media _aComputer |
||
| 338 |
_2rda carrier _aOnline Resource |
||
| 504 | _aيحتوي على مراجع يحتوي على ارجاعات | ||
| 546 | _aالنص أغلبه باللغة العربية مع بعض النصوص الإنجليزية | ||
| 650 | 1 |
_aتنازع القوانين _xالقانون الدولى |
|
| 856 | 4 | 0 | _uhttps://fll.law.cu.edu.eg/fulltext/bks/B12-01109.pdf |
| 905 |
_a75 _eYara |
||
| 942 |
_2ddc _n0 _cBK _e21 |
||
| 999 |
_c42989 _d42989 |
||